000 00801nam a2200241 4500
003 OSt
005 20240614070054.0
006 a
008 240614b |||||||| |||| 00| 0 eng d
020 _a9781412975452
040 _aDWCL-Main lib.
_cOC
082 _aCirc. 371.952 S666t 2011
100 _aSmutny, Joan Franklin
245 _aTeaching advanced learners in the general education classroom : doing more with less /
260 _aCalifornia :
_bCorwin Press,
_cc2011.
300 _aix,
_b188 p. ;
_c25 cm.
504 _aIncludes bibliographical references & index.
650 _a1. Mainstreaming in education–U.S.
650 _a2. Inclusive education–U.S.
650 _a3. Gifted children–Education–U.S.
700 _aJoan Franklin Smutny
942 _2ddc
_n0
_cBK-CIRC
_kCirc.
999 _c719
_d719